12. Halászat
Elmentve itt :
| Szerző: | |
|---|---|
| Dokumentumtípus: | Könyv része |
| Megjelent: |
1911
|
| Sorozat: | Hód-Mező-Vásárhely története : a hon ezer éves fennállása emlékezetére
4 |
| Kulcsszavak: | Hódmezővásárhely története, Halászat |
| Online Access: | http://misc.bibl.u-szeged.hu/3010 |
| LEADER | 00608naa a2200169 i 4500 | ||
|---|---|---|---|
| 001 | misc3010 | ||
| 005 | 20200430141322.0 | ||
| 008 | 170607s1911 hu o 0|| hun d | ||
| 040 | |a SZTE Miscellanea Repozitórium |b hun | ||
| 041 | |a hun | ||
| 100 | 1 | |a Szeremlei Samu | |
| 245 | 1 | 0 | |a 12. Halászat |h [elektronikus dokumentum] / |c Szeremlei Samu |
| 260 | |c 1911 | ||
| 300 | |a 282-294 | ||
| 490 | 0 | |a Hód-Mező-Vásárhely története : a hon ezer éves fennállása emlékezetére |v 4 | |
| 695 | |a Hódmezővásárhely története, Halászat | ||
| 856 | 4 | 0 | |u http://misc.bibl.u-szeged.hu/3010/1/hod_004_282-294.pdf |z Dokumentum-elérés |